000
00272nam a22001217a 4500
041
_a
ENG
100
_a
Partab .H
245
_a
Elementary Electrical Engineering
260
_a
Delhi
_b
Dhanpat Rai & Co .( P ) LTD
_c
1997
300
_a
233
650
_a
EOES
856
_u
EOES
999
_c
515
_d
515